[Event "BL2-Sued 2223"]
[Site "Germany"]
[Date "2022.11.25"]
[Round "6.7"]
[White "Mann, Christian"]
[Black "Bodrozic, Tomislav"]
[Result "1/2-1/2"]
[WhiteElo "2392"]
[BlackElo "2354"]
[PlyCount "54"]
[EventDate "2022.10.22"]
[EventType "team-tourn"]
[EventRounds "9"]
[EventCountry "GER"]
[SourceTitle "EXT 2024"]
[Source "ChessBase"]
[SourceDate "2023.10.10"]
[SourceVersion "1"]
[SourceVersionDate "2023.10.10"]
[SourceQuality "1"]
[WhiteTeam "Eppingen"]
[BlackTeam "Speyer Schwegenheim"]
[WhiteTeamCountry "GER"]
[BlackTeamCountry "GER"]

1. c4 c5 2. g3 Nc6 3. Bg2 g6 4. Nf3 Bg7 5. 0-0 Nh6 6. Nc3 Nf5 7. a3 0-0 8. Rb1 d6 9. d3 Rb8 10. Bd2 b6 11. b4 Bb7 12. e3 e6 13. Qc2 Qe7 14. bxc5 dxc5 15. Ne4 Ne5 16. Nxe5 Bxe5 17. Bc3 Bxc3 18. Qxc3 Bxe4 19. Bxe4 Nd6 20. Bg2 Rfd8 21. a4 Nb7 22. h4 h5 23. Bf3 Rd6 24. Rbd1 Na5 25. Kg2 Rbd8 26. Rh1 Qf8 27. Be2 Qg7 1/2-1/2

[Event "BL2-Sued 2122"]
[Site "Germany"]
[Date "2022.06.19"]
[Round "8.6"]
[White "Mann, Christian"]
[Black "Tompa, Janos"]
[Result "1/2-1/2"]
[WhiteElo "2395"]
[BlackElo "2323"]
[PlyCount "69"]
[EventDate "2022.03.05"]
[EventType "team-tourn"]
[EventRounds "10"]
[EventCountry "GER"]
[SourceTitle "EXT 2023"]
[Source "ChessBase"]
[SourceDate "2022.10.05"]
[SourceVersion "1"]
[SourceVersionDate "2022.10.05"]
[SourceQuality "1"]
[WhiteTeam "Eppingen"]
[BlackTeam "Walldorf"]
[WhiteTeamCountry "GER"]
[BlackTeamCountry "GER"]

1. c4 e5 2. g3 Nf6 3. Bg2 d5 4. cxd5 Nxd5 5. d3 Be7 6. Nf3 Nc6 7. 0-0 0-0 8. Nbd2 Re8 9. a3 Bf8 10. Nc4 Nb6 11. b3 f6 12. Bb2 Be6 13. Qc2 Qd7 14. Rfd1 Qf7 15. Rac1 a5 16. Qb1 Rad8 17. Nfd2 Bd5 18. Nxb6 Bxg2 19. Kxg2 cxb6 20. Rc2 b5 21. a4 Qd5+ 22. Kg1 Bb4 23. axb5 Qxb5 24. Nf3 Qd5 25. Bc3 Bxc3 26. Rxc3 Nd4 27. Nxd4 exd4 28. Rc2 Rd6 29. Qa2 Rde6 30. b4 Qxa2 31. Rxa2 Rxe2 32. Rxe2 Rxe2 33. bxa5 Ra2 34. Rb1 Rxa5 35. Rb4 1/2-1/2

[Event "Verbandsliga Nordbaden 1819"]
[Site "Baden"]
[Date "2019.03.31"]
[Round "8.1"]
[White "Mann, Christian"]
[Black "Jaeschke, Felix"]
[Result "1/2-1/2"]
[WhiteElo "2398"]
[BlackElo "1948"]
[PlyCount "69"]
[EventDate "2018.10.14"]
[EventType "team-tourn"]
[EventRounds "9"]
[EventCountry "GER"]
[SourceTitle "EXT 2020"]
[Source "ChessBase"]
[SourceDate "2019.10.17"]
[SourceVersion "1"]
[SourceVersionDate "2019.10.17"]
[SourceQuality "1"]
[WhiteTeam "Eppingen II"]
[BlackTeam "Sandhausen"]
[WhiteTeamCountry "GER"]
[BlackTeamCountry "GER"]

1. c4 Nf6 2. g3 g6 3. Bg2 Bg7 4. e4 d6 5. Ne2 0-0 6. 0-0 c5 7. Nbc3 Nc6 8. Rb1 Nd7 9. a3 Nd4 10. d3 Nxe2+ 11. Nxe2 Ne5 12. f4 Nc6 13. f5 e6 14. fxg6 fxg6 15. Nf4 Bd7 16. h4 Qe7 17. b4 b6 18. Bb2 Rae8 19. Kh2 Bxb2 20. Rxb2 Qg7 21. Qd2 Rf7 22. Rbb1 Qh6 23. Qe3 e5 24. Nd5 Qxe3 25. Nxe3 Ref8 26. Rxf7 Rxf7 27. Rb2 Be6 28. b5 Nd4 29. a4 Nf3+ 30. Bxf3 Rxf3 31. Re2 h5 32. Kg2 Bg4 33. Re1 Kf7 34. Nxg4 hxg4 35. Rf1 1/2-1/2

[Event "BL2-Sued 1819"]
[Site "Germany"]
[Date "2019.02.24"]
[Round "8.7"]
[White "Barski, Radoslaw"]
[Black "Mann, Christian"]
[Result "1-0"]
[WhiteElo "2467"]
[BlackElo "2401"]
[PlyCount "81"]
[EventDate "2018.11.10"]
[EventType "team-tourn"]
[EventRounds "10"]
[EventCountry "GER"]
[SourceTitle "CBM 190 Extra"]
[Source "ChessBase"]
[SourceDate "2019.07.15"]
[SourceVersion "1"]
[SourceVersionDate "2019.07.15"]
[SourceQuality "1"]
[WhiteTeam "Heusenstamm"]
[BlackTeam "Eppingen"]
[WhiteTeamCountry "GER"]
[BlackTeamCountry "GER"]

1. e4 e6 2. d4 d5 3. e5 c5 4. c3 Nc6 5. Nf3 Qb6 6. Na3 cxd4 7. cxd4 Bxa3 8. bxa3 Qa5+ 9. Bd2 Qxa3 10. Rb1 Nh6 11. Bb5 Bd7 12. Bxc6 Bxc6 13. Bxh6 gxh6 14. 0-0 Rg8 15. Rb3 Qxa2 16. Qd3 Rg7 17. Rc1 Qa5 18. Qe3 Rg6 19. Ne1 Qd8 20. Nd3 a5 21. Nf4 a4 22. Rbc3 Qg5 23. Qd2 a3 24. h4 Qxh4 25. Nxg6 fxg6 26. Ra1 Ra4 27. Rd3 Qe7 28. Qc1 Qb4 29. Raxa3 Rxa3 30. Qxa3 Qe1+ 31. Kh2 Qxf2 32. Qc3 g5 33. Rf3 Qh4+ 34. Kg1 g4 35. g3 Qd8 36. Rf6 Qb6 37. Rxe6+ Kd7 38. Rd6+ Kc7 39. Qd2 Qb1+ 40. Kh2 h5 41. Rf6 1-0

[Event "Bundesliga 1415"]
[Site "Germany"]
[Date "2014.12.07"]
[Round "6.8"]
[White "Mann, Christian"]
[Black "Wirig, Anthony"]
[Result "1-0"]
[WhiteElo "2439"]
[BlackElo "2490"]
[PlyCount "79"]
[EventDate "2014.10.18"]
[EventType "team-tourn"]
[EventRounds "15"]
[EventCountry "GER"]
[SourceTitle "CBM 164"]
[Source "ChessBase"]
[SourceDate "2015.01.15"]
[SourceVersion "1"]
[SourceVersionDate "2015.01.15"]
[SourceQuality "1"]
[WhiteTeam "Eppingen"]
[BlackTeam "Schwaebisch Hall"]
[WhiteTeamCountry "GER"]
[BlackTeamCountry "GER"]

1. Nf3 d5 2. g3 Nc6 3. d4 Bf5 4. Bg2 Nb4 5. Na3 e6 6. 0-0 Nf6 7. Bf4 Be7 8. Nb5 0-0 9. c3 Na6 10. c4 dxc4 11. Ne5 Be4 12. f3 Bc6 13. Nc3 Nd5 14. Bc1 Be8 15. e4 Nxc3 16. bxc3 b5 17. f4 Rb8 18. a3 Rb6 19. Be3 f6 20. Nf3 c5 21. a4 b4 22. Qe2 Bf7 23. e5 bxc3 24. Qxc4 Qc8 25. Qxc3 cxd4 26. Qxc8 Rxc8 27. Bxd4 Bc5 28. Bxc5 Rxc5 29. Rfd1 h6 30. Rd8+ Kh7 31. Rad1 Rc7 32. Nd4 Bh5 33. Re1 f5 34. a5 Rb2 35. Nxe6 Rcc2 36. Bd5 Nb4 37. Nf8+ Kh8 38. Nd7+ Kh7 39. Bg8+ Kh8 40. Bf7+ 1-0

[Event "Bundesliga 1314"]
[Site "Germany"]
[Date "2014.02.08"]
[Round "7.8"]
[White "Richter, Christian"]
[Black "Mann, Christian"]
[Result "1-0"]
[WhiteElo "2368"]
[BlackElo "2447"]
[PlyCount "125"]
[EventDate "2013.10.12"]
[EventType "team-tourn"]
[EventRounds "15"]
[EventCountry "GER"]
[SourceTitle "CBM 159"]
[Source "ChessBase"]
[SourceDate "2014.03.17"]
[SourceVersion "1"]
[SourceVersionDate "2014.03.17"]
[SourceQuality "1"]
[WhiteTeam "Emsdetten"]
[BlackTeam "Eppingen"]
[WhiteTeamCountry "GER"]
[BlackTeamCountry "GER"]

1. d4 d5 2. c4 Nc6 3. Nf3 Bg4 4. Nc3 e6 5. cxd5 exd5 6. Bf4 Bd6 7. Bg3 Bxf3 8. gxf3 Nge7 9. e3 h5 10. Qc2 h4 11. Bxd6 Qxd6 12. Bh3 Nb4 13. Qb3 c5 14. dxc5 Nd3+ 15. Kf1 Nxc5 16. Qb5+ Qc6 17. Rg1 0-0 18. Rd1 Rad8 19. Rd4 Rd6 20. Qxc6 bxc6 21. Rxh4 Nd3 22. b3 c5 23. Ke2 Nb4 24. a3 Na6 25. Rhg4 g6 26. Ra4 Rb8 27. Rb1 f5 28. Ke1 d4 29. Bf1 dxc3 30. Rxa6 Rd2 31. Rc1 Rbd8 32. Ra5 f4 33. Rxc5 fxe3 34. fxe3 Rxh2 35. R5xc3 Rdd2 36. Rd1 Rb2 37. Rcd3 Nf5 38. R3d2 Nxe3 39. Rxh2 Rxh2 40. Rd3 Nc2+ 41. Kd1 Nxa3 42. Rd8+ Kg7 43. Rd7+ Kf6 44. Bd3 Ke5 45. Rxa7 Kd4 46. Bxg6 Rh1+ 47. Ke2 Rh2+ 48. Kd1 Rh1+ 49. Ke2 Rh2+ 50. Kf1 Nb5 51. Re7 Rb2 52. Bf7 Nd6 53. Rd7 Kc5 54. Be6 Nb5 55. Ke1 Kc6 56. Rd8 Kc7 57. Rd3 Kc6 58. Bd7+ Kc5 59. Bxb5 Kxb5 60. f4 Kc5 61. f5 Rh2 62. f6 Rh7 63. Rf3 1-0

[Event "Oberliga Baden 1112"]
[Site "Germany"]
[Date "2012.04.15"]
[Round "9.1"]
[White "Mann, Christian"]
[Black "Schwing, Hans Elmar"]
[Result "1/2-1/2"]
[WhiteElo "2448"]
[BlackElo "2317"]
[PlyCount "99"]
[EventDate "2011.10.02"]
[EventType "team-tourn"]
[EventRounds "9"]
[EventCountry "GER"]
[SourceTitle "EXT 2013"]
[Source "ChessBase"]
[SourceDate "2012.11.22"]
[SourceVersion "1"]
[SourceVersionDate "2012.11.22"]
[SourceQuality "1"]
[WhiteTeam "Eppingen II"]
[BlackTeam "Dreisamtal"]
[WhiteTeamCountry "GER"]
[BlackTeamCountry "GER"]

1. g3 d5 2. Bg2 e5 3. d3 Nf6 4. Nf3 Nc6 5. 0-0 Be7 6. b3 0-0 7. Bb2 e4 8. dxe4 dxe4 9. Nd4 Nxd4 10. Qxd4 Qxd4 11. Bxd4 Rd8 12. e3 Bf5 13. h3 h5 14. Nd2 c5 15. Bxf6 Bxf6 16. Rad1 Re8 17. Nc4 Bg6 18. Rd7 Re7 19. Rfd1 b5 20. Rxe7 Bxe7 21. Rd7 bxc4 22. Rxe7 Rd8 23. Bxe4 Rd2 24. Bxg6 fxg6 25. bxc4 Rxc2 26. Rxa7 Rxc4 27. Kg2 g5 28. Rc7 Kh7 29. e4 Kg6 30. Rc6+ Kf7 31. e5 g4 32. hxg4 hxg4 33. a3 g5 34. Kf1 Ra4 35. e6+ Kf6 36. e7+ Kxe7 37. Rxc5 Rxa3 38. Rxg5 Ra4 39. Rg6 Kf7 40. Rb6 Re4 41. Ra6 Kg7 42. Ra3 Kf6 43. Re3 Ra4 44. Re8 Kf5 45. Rf8+ Kg5 46. Ke2 Ra2+ 47. Ke3 Ra3+ 48. Ke4 Ra4+ 49. Kd5 Ra5+ 50. Ke4 1/2-1/2

[Event "Bundesliga 1011"]
[Site "Germany"]
[Date "2011.02.05"]
[Round "8.7"]
[White "Deglmann, Ludwig"]
[Black "Mann, Christian"]
[Result "1/2-1/2"]
[WhiteElo "2397"]
[BlackElo "2444"]
[PlyCount "42"]
[EventDate "2010.10.09"]
[EventType "team-tourn"]
[EventRounds "15"]
[EventCountry "GER"]
[SourceTitle "EXT 2012"]
[Source "ChessBase"]
[SourceDate "2011.11.24"]
[SourceVersion "1"]
[SourceVersionDate "2011.11.24"]
[SourceQuality "1"]
[WhiteTeam "Bayern Muenchen"]
[BlackTeam "Eppingen"]
[WhiteTeamCountry "GER"]
[BlackTeamCountry "GER"]

1. Nf3 Nf6 2. c4 g6 3. Nc3 Bg7 4. e4 c5 5. d4 cxd4 6. Nxd4 Nc6 7. Nc2 d6 8. Be2 0-0 9. 0-0 Nd7 10. Be3 Nc5 11. f3 Bxc3 12. bxc3 Qa5 13. Bh6 Qxc3 14. Bxf8 Kxf8 15. Rc1 Be6 16. Kh1 a5 17. Ne1 Qb2 18. Rc2 Qd4 19. Rd2 Qc3 20. Rc2 Qd4 21. Rd2 Qc3 1/2-1/2

[Event "Bundesliga 1011"]
[Site "Germany"]
[Date "2010.12.11"]
[Round "5.8"]
[White "Thinius, Marco"]
[Black "Mann, Christian"]
[Result "0-1"]
[WhiteElo "2367"]
[BlackElo "2444"]
[PlyCount "62"]
[EventDate "2010.10.09"]
[EventType "team-tourn"]
[EventRounds "15"]
[EventCountry "GER"]
[SourceTitle "EXT 2012"]
[Source "ChessBase"]
[SourceDate "2011.11.24"]
[SourceVersion "1"]
[SourceVersionDate "2011.11.24"]
[SourceQuality "1"]
[WhiteTeam "Berlin SF"]
[BlackTeam "Eppingen"]
[WhiteTeamCountry "GER"]
[BlackTeamCountry "GER"]

1. e4 e6 2. d4 d5 3. e5 c5 4. c3 Nc6 5. Nf3 f6 6. Bd3 Qc7 7. 0-0 Bd7 8. Re1 0-0-0 9. Bf4 h6 10. h4 g5 11. Bh2 f5 12. Bxf5 Qb6 13. Bh3 Qxb2 14. Nbd2 c4 15. hxg5 Qxc3 16. Rc1 Qd3 17. Bf4 Be7 18. Nf1 Qg6 19. gxh6 Nxh6 20. Ne3 Rdf8 21. Bg3 Rhg8 22. Nd2 Nb4 23. Ndxc4 dxc4 24. Rxc4+ Kb8 25. Qb3 Nc6 26. Rb1 Na5 27. Qb2 Ba3 28. Qxa3 Qxb1+ 29. Rc1 Qb6 30. d5 Rc8 31. Rd1 Rxg3 0-1

[Event "Bundesliga 0910"]
[Site "Germany"]
[Date "2010.04.11"]
[Round "15.7"]
[White "Mann, Christian"]
[Black "Kabatianski, Alexander"]
[Result "0-1"]
[WhiteElo "2454"]
[BlackElo "2420"]
[PlyCount "45"]
[EventDate "2009.10.16"]
[EventType "team-tourn"]
[EventRounds "15"]
[EventCountry "GER"]
[SourceTitle "EXT 2011"]
[Source "ChessBase"]
[SourceDate "2010.11.26"]
[SourceVersion "1"]
[SourceVersionDate "2010.11.26"]
[SourceQuality "1"]
[WhiteTeam "Eppingen"]
[BlackTeam "Emsdetten Turm"]
[WhiteTeamCountry "GER"]
[BlackTeamCountry "GER"]

1. e4 c5 2. c3 d5 3. exd5 Qxd5 4. d4 Nf6 5. Nf3 e6 6. Bd3 Nc6 7. 0-0 Be7 8. Be3 0-0 9. Qe2 cxd4 10. cxd4 Nb4 11. Nc3 Qd6 12. Bc4 a6 13. Ne5 b5 14. Bb3 Bb7 15. a4 bxa4 16. Rxa4 Rab8 17. Rd1 Bd5 18. Bxd5 Nfxd5 19. Nxd5 Qxd5 20. Bd2 Qb3 21. Bxb4 Rxb4 22. Rxb4 Bxb4 23. Qxa6 0-1

[Event "Bundesliga 0910"]
[Site "Germany"]
[Date "2010.04.10"]
[Round "14.7"]
[White "Tereick, Benjamin"]
[Black "Mann, Christian"]
[Result "1/2-1/2"]
[WhiteElo "2377"]
[BlackElo "2454"]
[PlyCount "82"]
[EventDate "2009.10.16"]
[EventType "team-tourn"]
[EventRounds "15"]
[EventCountry "GER"]
[SourceTitle "EXT 2011"]
[Source "ChessBase"]
[SourceDate "2010.11.26"]
[SourceVersion "1"]
[SourceVersionDate "2010.11.26"]
[SourceQuality "1"]
[WhiteTeam "Wattenscheid"]
[BlackTeam "Eppingen"]
[WhiteTeamCountry "GER"]
[BlackTeamCountry "GER"]

1. Nf3 Nf6 2. g3 g6 3. b3 Bg7 4. Bb2 d5 5. c4 c6 6. Bg2 0-0 7. 0-0 a5 8. d3 Qb6 9. Nc3 Na6 10. Qd2 Nc5 11. Ba3 Rd8 12. Qe3 d4 13. Qxe7 Nfd7 14. Ng5 dxc3 15. d4 Rf8 16. dxc5 Qd8 17. Qxd8 Rxd8 18. Ne4 a4 19. Bb4 axb3 20. Nxc3 Nxc5 21. axb3 Rxa1 22. Rxa1 Nxb3 23. Ra8 c5 24. Bxb7 cxb4 25. Nd5 Nc5 26. Bxc8 b3 27. Rb8 b2 28. Rb5 Ne4 29. Bb7 Nd2 30. c5 b1Q+ 31. Rxb1 Nxb1 32. c6 Be5 33. Kg2 Na3 34. c7 Bxc7 35. Nxc7 Rd2 36. Bf3 Nc2 37. g4 Nd4 38. e3 Nxf3 39. Kxf3 Kg7 40. Ne8+ Kf8 41. Nf6 Kg7 1/2-1/2

[Event "Bundesliga 0607"]
[Site "Germany"]
[Date "2007.03.17"]
[Round "12.6"]
[White "Senff, Martin"]
[Black "Mann, Christian"]
[Result "1-0"]
[WhiteElo "2449"]
[BlackElo "2457"]
[PlyCount "89"]
[EventDate "2006.10.28"]
[EventType "team-tourn"]
[EventRounds "15"]
[EventCountry "GER"]
[SourceTitle "CBM 118"]
[Source "ChessBase"]
[SourceDate "2007.05.31"]
[SourceVersion "1"]
[SourceVersionDate "2007.05.31"]
[SourceQuality "1"]
[WhiteTeam "Katernberg"]
[BlackTeam "Eppingen"]
[WhiteTeamCountry "GER"]
[BlackTeamCountry "GER"]

1. e4 d5 2. exd5 Qxd5 3. Nc3 Qa5 4. d4 Nf6 5. Nf3 c6 6. Bc4 Bg4 7. h3 Bxf3 8. Qxf3 e6 9. 0-0 Nbd7 10. Bb3 Be7 11. Ne4 0-0 12. c3 Rfe8 13. Bf4 Nxe4 14. Qxe4 Bf6 15. Rfe1 Qb6 16. Re2 g6 17. Bd6 Be7 18. Bxe7 Rxe7 19. Rae1 Qd8 20. Qf4 Nb6 21. h4 Rd7 22. h5 Nd5 23. Bxd5 Rxd5 24. Re5 Rxe5 25. dxe5 Qe7 26. Rd1 Rd8 27. Rd6 gxh5 28. Qd2 Rxd6 29. exd6 Qd7 30. Qg5+ Kf8 31. Qe5 Kg8 32. Qg5+ Kf8 33. Qe5 Kg8 34. c4 f6 35. Qg3+ Kf8 36. c5 Qf7 37. Qa3 a6 38. Qb3 Qd7 39. Qd1 Kg7 40. Qxh5 b6 41. b4 bxc5 42. bxc5 e5 43. Qh3 Qxh3 44. gxh3 Kf7 45. f4 1-0

[Event "Bundesliga 0607"]
[Site "Germany"]
[Date "2007.02.03"]
[Round "8.8"]
[White "Mann, Christian"]
[Black "Dolezal, Radoslav"]
[Result "1/2-1/2"]
[WhiteElo "2457"]
[BlackElo "2422"]
[PlyCount "107"]
[EventDate "2006.10.28"]
[EventType "team-tourn"]
[EventRounds "15"]
[EventCountry "GER"]
[SourceTitle "CBM 118"]
[Source "ChessBase"]
[SourceDate "2007.05.31"]
[SourceVersion "1"]
[SourceVersionDate "2007.05.31"]
[SourceQuality "1"]
[WhiteTeam "Eppingen"]
[BlackTeam "Bann"]
[WhiteTeamCountry "GER"]
[BlackTeamCountry "GER"]

1. g3 c5 2. Bg2 Nc6 3. Nf3 g6 4. c4 Bg7 5. Nc3 e6 6. 0-0 Nge7 7. e3 0-0 8. d4 cxd4 9. Nxd4 Nxd4 10. exd4 d5 11. cxd5 Nxd5 12. Qb3 Bxd4 13. Bh6 Bg7 14. Bxg7 Kxg7 15. Rfd1 Qb6 16. Bxd5 exd5 17. Qxb6 axb6 18. Rxd5 Bg4 19. Rd6 Rfd8 20. Rxb6 Bf3 21. h3 Ra5 22. Re1 Rd2 23. a4 Rc2 24. Rb4 Re5 25. Rf1 Rf5 26. Nb5 Rf6 27. Nd4 Rc7 28. Nxf3 Rxf3 29. Kg2 Rf6 30. f4 Rfc6 31. Rf3 Rc2+ 32. Rf2 R2c4 33. Rxc4 Rxc4 34. Rf3 Rc2+ 35. Rf2 Rc4 36. b3 Rc3 37. Rf3 Rc2+ 38. Kf1 Rb2 39. Ke1 Kf6 40. Re3 h5 41. a5 Rh2 42. g4 Rb2 43. Kd1 h4 44. Kc1 Rf2 45. g5+ Kg7 46. Re7 Rf3 47. Rxb7 Rxh3 48. a6 Rh1+ 49. Kb2 Rh2+ 50. Ka3 Rh1 51. a7 h3 52. Kb2 Rh2+ 53. Ka3 Rh1 54. Kb2 1/2-1/2

[Event "Bundesliga 0506"]
[Site "Germany"]
[Date "2006.03.11"]
[Round "12.4"]
[White "Mann, Christian"]
[Black "L'Ami, Erwin"]
[Result "0-1"]
[WhiteElo "2464"]
[BlackElo "2541"]
[PlyCount "96"]
[EventDate "2005.10.21"]
[EventType "team-tourn"]
[EventRounds "15"]
[EventCountry "GER"]
[SourceTitle "CBM 112"]
[Source "ChessBase"]
[SourceDate "2006.06.07"]
[SourceVersion "1"]
[SourceVersionDate "2006.06.07"]
[SourceQuality "1"]
[WhiteTeam "Eppingen"]
[BlackTeam "Katernberg"]
[WhiteTeamCountry "GER"]
[BlackTeamCountry "GER"]

1. g3 d5 2. Bg2 c6 3. d3 g6 4. Nf3 Bg7 5. 0-0 e5 6. Nbd2 Ne7 7. e4 0-0 8. b3 f5 9. Bb2 fxe4 10. dxe4 d4 11. c3 c5 12. b4 cxb4 13. cxd4 exd4 14. Qb3+ Kh8 15. Ng5 Qe8 16. Nc4 Qd8 17. Rad1 Nbc6 18. Ne3 Na5 19. Qxb4 Nec6 20. Qb5 Qe7 21. Nc2 a6 22. Qd5 h6 23. Ba3 Qxg5 24. Bxf8 Bxf8 25. Qxg5 hxg5 26. Nxd4 Nxd4 27. Rxd4 Be6 28. Ra4 Nc4 29. e5 a5 30. Bxb7 Rd8 31. Ba6 Bb4 32. Rb1 Nd2 33. Raxb4 axb4 34. Rxb4 g4 35. Bb7 Nf3+ 36. Kg2 Rd3 37. a4 Ra3 38. Rf4 Kg7 39. Rb4 Nxe5 40. Be4 Bd7 41. Rb7 Kf6 42. Rb6+ Kg5 43. Rb4 Ra1 44. Rd4 Bf5 45. Bb7 Bd3 46. h4+ Kh6 47. Be4 Bf1+ 48. Kh2 Be2 0-1

[Event "Bundesliga 0506"]
[Site "Germany"]
[Date "2005.12.10"]
[Round "5.7"]
[White "Mann, Christian"]
[Black "Hoffmann, Michael"]
[Result "1/2-1/2"]
[WhiteElo "2464"]
[BlackElo "2443"]
[PlyCount "36"]
[EventDate "2005.10.21"]
[EventType "team-tourn"]
[EventRounds "15"]
[EventCountry "GER"]
[SourceTitle "CBM 111"]
[Source "ChessBase"]
[SourceDate "2006.04.04"]
[SourceVersion "1"]
[SourceVersionDate "2006.04.04"]
[SourceQuality "1"]
[WhiteTeam "Eppingen"]
[BlackTeam "Solingen"]
[WhiteTeamCountry "GER"]
[BlackTeamCountry "GER"]

1. e4 c5 2. c3 d5 3. exd5 Qxd5 4. d4 Nf6 5. Nf3 e6 6. Na3 a6 7. Nc4 Nbd7 8. Be2 cxd4 9. Nxd4 Be7 10. 0-0 Qc5 11. Bf4 e5 12. Nb3 Qc7 13. Bg3 Ne4 14. Qd3 Nxg3 15. Qxg3 g6 16. Rad1 0-0 17. Rd2 b5 18. Nca5 Rb8 1/2-1/2

[Event "Bundesliga 0506"]
[Site "Germany"]
[Date "2005.10.21"]
[Round "7.7"]
[White "Bromberger, Stefan"]
[Black "Mann, Christian"]
[Result "1-0"]
[WhiteElo "2478"]
[BlackElo "2464"]
[PlyCount "149"]
[EventDate "2005.10.21"]
[EventType "team-tourn"]
[EventRounds "15"]
[EventCountry "GER"]
[SourceTitle "CBM 110"]
[Source "ChessBase"]
[SourceDate "2006.01.31"]
[SourceVersion "1"]
[SourceVersionDate "2006.01.31"]
[SourceQuality "1"]
[WhiteTeam "Tegernsee"]
[BlackTeam "Eppingen"]
[WhiteTeamCountry "GER"]
[BlackTeamCountry "GER"]

1. d4 Nf6 2. c4 g6 3. Nc3 d5 4. Nf3 Bg7 5. Qb3 dxc4 6. Qxc4 0-0 7. e4 Bg4 8. Be2 Nfd7 9. Be3 Nb6 10. Qc5 Na6 11. Bxa6 bxa6 12. Ne5 Nd7 13. Nxd7 Bxd7 14. 0-0 e6 15. Rfd1 Qb8 16. Rd2 Qb6 17. Qe7 Qd6 18. Qh4 Rfb8 19. Bf4 Qb6 20. Be5 Rb7 21. Rad1 Re8 22. b3 Qb4 23. Bxg7 Kxg7 24. Rd3 Qe7 25. Qf4 Rd8 26. Rh3 h5 27. Rdd3 Bc8 28. e5 Rb4 29. g4 g5 30. Qd2 hxg4 31. Rhg3 Bb7 32. Rxg4 Kf8 33. Rh3 Ke8 34. Rh8+ Kd7 35. Rxd8+ Qxd8 36. Ne4 a5 37. Nf6+ Kc8 38. Rxg5 Rxd4 39. Qxd4 Qxd4 40. Rg8+ Qd8 41. h4 Qxg8+ 42. Nxg8 Kd8 43. h5 Ke8 44. h6 Kf8 45. Nf6 Bc6 46. f4 a4 47. bxa4 Bxa4 48. Kf2 c5 49. Ke3 Bc6 50. a3 Bg2 51. Kd3 Bf1+ 52. Kc3 Be2 53. Nh7+ Kg8 54. Ng5 Bf1 55. h7+ Kg7 56. Nxf7 Kxh7 57. Ng5+ Kg6 58. Nxe6 Kf5 59. Nc7 Be2 60. Kd2 Bc4 61. Ke3 Bf1 62. Nd5 Ke6 63. Nc3 Bh3 64. Nb5 a5 65. Nc3 Bg2 66. Na4 Kd5 67. Nb6+ Kc6 68. Nc4 Kb5 69. Nd6+ Ka4 70. e6 Kxa3 71. f5 c4 72. f6 c3 73. f7 c2 74. Kd2 Kb2 75. Nc4+ 1-0

[Event "FRA-chT Gp-A"]
[Site "France"]
[Date "2004.04.02"]
[Round "5"]
[White "Payen, Arnaud"]
[Black "Mann, Christian"]
[Result "1/2-1/2"]
[WhiteElo "2386"]
[BlackElo "2444"]
[PlyCount "49"]
[EventDate "2004.01.30"]
[EventType "team"]
[EventRounds "7"]
[EventCountry "FRA"]
[SourceTitle "EXT 2005"]
[Source "ChessBase"]
[SourceDate "2004.11.15"]
[SourceVersion "1"]
[SourceVersionDate "2004.11.15"]
[SourceQuality "1"]
[WhiteTeam "Gonfreville"]
[BlackTeam "Orange"]
[WhiteTeamCountry "FRA"]
[BlackTeamCountry "FRA"]

1. d4 d5 2. c4 Nc6 3. Nf3 Bg4 4. Nc3 Bxf3 5. gxf3 e6 6. cxd5 exd5 7. Bf4 Bd6 8. Nxd5 Bxf4 9. Nxf4 Qxd4 10. Qxd4 Nxd4 11. 0-0-0 Ne6 12. Nxe6 fxe6 13. Rg1 g6 14. Bh3 Ke7 15. Rd3 Nf6 16. Re3 Rhd8 17. Bxe6 Kf8 18. f4 Rd4 19. f5 gxf5 20. Bxf5 Rf4 21. Bd3 Rxf2 22. Rh3 Re8 23. Rh6 Re7 24. Kd2 c5 25. Rh4 1/2-1/2

[Event "FRA-chT Gp-A"]
[Site "France"]
[Date "2004.04.01"]
[Round "4"]
[White "Mann, Christian"]
[Black "Grischuk, Alexander"]
[Result "1/2-1/2"]
[WhiteElo "2444"]
[BlackElo "2719"]
[PlyCount "86"]
[EventDate "2004.01.30"]
[EventType "team"]
[EventRounds "7"]
[EventCountry "FRA"]
[SourceTitle "EXT 2005"]
[Source "ChessBase"]
[SourceDate "2004.11.15"]
[SourceVersion "1"]
[SourceVersionDate "2004.11.15"]
[SourceQuality "1"]
[WhiteTeam "Orange"]
[BlackTeam "Paris NAO"]
[WhiteTeamCountry "FRA"]
[BlackTeamCountry "FRA"]

1. g3 c5 2. Bg2 g6 3. Nf3 Bg7 4. 0-0 Nc6 5. c4 e6 6. Nc3 d6 7. e3 Nge7 8. d4 0-0 9. dxc5 dxc5 10. Qe2 a6 11. Rb1 b6 12. a3 Bb7 13. Na4 Na5 14. b4 Be4 15. Rd1 Qe8 16. Nxb6 Rd8 17. Bb2 Bxb1 18. Rxb1 Nac6 19. Bxg7 Kxg7 20. Qb2+ f6 21. Ng5 Nf5 22. Ne4 cxb4 23. axb4 Qe7 24. g4 Nd6 25. Nxf6 Qxf6 26. Qxf6+ Rxf6 27. Bxc6 Rf7 28. b5 axb5 29. cxb5 Ra7 30. Rb2 Kf7 31. h3 Ke7 32. Rb4 Ra2 33. Na4 Rc2 34. Nb2 Nf7 35. Be4 Rc1+ 36. Kg2 Nd6 37. Bd3 Nb7 38. b6 Nc5 39. Be2 Rb1 40. b7 Rb8 41. Bf3 Kd7 42. g5 e5 43. Bd5 e4 1/2-1/2

[Event "BL2-Sued 0304"]
[Site "Germany"]
[Date "2004.??.??"]
[Round "?.3"]
[White "Mann, Christian"]
[Black "Karpatchev, Aleksandr"]
[Result "1-0"]
[WhiteElo "2440"]
[BlackElo "2395"]
[PlyCount "89"]
[EventDate "2003.10.??"]
[EventType "team-tourn"]
[EventRounds "9"]
[EventCountry "GER"]
[SourceTitle "CBM 100 Extra"]
[Source "ChessBase"]
[SourceDate "2004.07.06"]
[SourceVersion "2"]
[SourceVersionDate "2004.07.06"]
[SourceQuality "1"]
[WhiteTeam "Eppingen"]
[BlackTeam "Bad Mergentheim"]
[WhiteTeamCountry "GER"]
[BlackTeamCountry "GER"]

1. g3 e5 2. Bg2 Nc6 3. e4 Bc5 4. Ne2 h5 5. h3 d6 6. Nbc3 a6 7. Nd5 Nge7 8. c3 Nxd5 9. exd5 Ne7 10. d4 exd4 11. Nxd4 Nf5 12. 0-0 Nxd4 13. cxd4 Bb6 14. Re1+ Kf8 15. Re4 Bf5 16. Rf4 Qd7 17. Qf3 Bg6 18. a4 Re8 19. Bd2 a5 20. b4 axb4 21. Bxb4 Kg8 22. Bf1 Re7 23. Rh4 Qf5 24. Qxf5 Bxf5 25. Rf4 Be4 26. Re1 f5 27. Rxf5 Bxf5 28. Rxe7 Kf8 29. Bxd6 Rh6 30. Ba3 Kg8 31. Bc5 Ba5 32. Kg2 Rf6 33. f4 Bc2 34. Bc4 Kh7 35. Re5 h4 36. Be7 Rb6 37. d6 Rb2 38. Kf1 Rb1+ 39. Kf2 Bb6 40. Rh5+ Kg6 41. Rg5+ Kh6 42. d7 Bxd4+ 43. Ke2 Be4 44. Bd3 Rb2+ 45. Kd1 1-0